000 00460nam a2200145Ia 4500
008 220214s9999 xx 000 0 und d
022 _a0019-5596
245 0 _aINDIAN JOURNAL OF PURE AND APPLIED PHYSICS
260 _bCouncil of Scientific and Industrial Research, New Delhi
_aIndia
310 _aM
500 _aEnding Volume & Year: 25, 1987
500 _aMissing Volume: 3(10);19(9);24(5);25(10)
500 _aStarting Volume & Year: 1, 1963
942 _cBJ
999 _c8820
_d8820